Responses for show #7696 - Monday, February 12, 2018

Contestants

[<< previous game]

Lindsey Piesz, a merchandise planner from Indianapolis, Indiana

Dom Granello, a project manager from Madison, Wisconsin

Marty Cunningham, an accountant and voice artist from Arvada, Colorado (whose 2-day cash winnings total $49,100)

[next game >>]

Jeopardy! Round responses

DUMB CRIMINALS
FITNESS ABBREV.
EVERYBODY'S A CRITIC
8-LETTER WORDS
FEDORA
THE EXPLORER
    $200 16
a cop

Lindsey
    $200 13
a heart rate

Marty
    $200 14
(Dom: What is Spamalot?)

Camelot

MartyDom
    $200 1
wardrobe

Lindsey
    $200 24
Bogart

Lindsey
    $200 7
a penguin

Dom
    $400 17
a bouncer

Marty
    $400 12
a clean and jerk

Marty
    $400 15
Lady Chatterley's Lover

Marty
    $400 2
yearling

Lindsey
    $400 25
Kelly Rowland

Lindsey
    $400 8
Sir Edmund Hillary

Dom
    $600 18
a Zamboni

Dom
    $600 11
a handstand push-up

Marty
    $600 21
a requiem

Marty
    $600 3
prenatal

Marty
    $600 26
the Holodeck

Dom
    $600 9
(Lindsey: What is the South Pole?)

the North Pole

MartyLindsey
    $800 19
(Marty: What is Home Depot?)

Lowe's

MartyLindsey
    $800 6
interval training

Lindsey
    $800 22
In Cold Blood

Marty
    $800 4
vigilant

Lindsey
    $800 27
(Alex: With less than a minute.)

Jack Benny

Marty
    $800 10
(Louis) Jolliet

Dom
    $1000 20
Connecticut

Marty
    $1000 30
a double under

Dom
    $1000 23
(Dom: What is The Sound of Music?)

(Pauline) Kael

MartyDom
    $1000 5
a ricochet

Dom
    $1000 28
Leonard Cohen

Marty
    $3,000 29
the Congo

Marty

Scores at the first commercial break (after clue 15):

Marty Dom Lindsey
$3,000 $2,200 $1,600

Scores at the end of the Jeopardy! Round:

Marty Dom Lindsey
$10,800 $3,400 $3,200

Double Jeopardy! Round responses

WORLD WAR I LITERATURE
WORD ORIGINS
ASPIRATIONAL NATIONS
C.C. & ME
A SHEEPISH CATEGORY
THE EUROVISION SONG CONTEST
    $400 6
a trench

Dom
    $400 1
a mortgage

Dom
    $400 14
Indonesia

Dom
    $400 25
Christopher Columbus

Dom
    $400 15
cheese

Dom
    $400 19
ABBA

Dom
    $800 7
All Quiet on the Western Front

Marty
    $800 2
a pawn

Marty
    $800 12
Nebraska

Dom
    $800 22
Connie Chung

Dom
    $800 16
(Dom: What is gut?)
(Alex: Be more specific?)
(Dom: What is intestinal guts?)

catgut

MartyDom
    $800 26
Celine Dion

Dom
    $4,000 8
(Marty: What is sleeping sickness?)

shell shock

Marty
    $1200 3
a disaster

Marty
    $1200 11
the Kurds

Lindsey
    $1200 21
Chris Cornell

Lindsey
    $1200 17
Babe

Marty
    $1200 27
Olivia Newton-John

Marty
    $1600 9
War Horse

Dom
    $3,000 4
azure

Marty
    $1600 10
Catalonia

Lindsey
    $1600 23
Clive Cussler

Lindsey
    $1600 18
Dolly

Lindsey
    $1600 28
[The end-of-round signal sounds.]

Katrina and the Waves

Lindsey
    $2000 5
marsupium

Triple Stumper
    $2000 13
Yemen

Dom
    $2000 24
(Marty: Who is Calvin Coolidge?)
...
(Alex: With less than a minute to go now.)

Charles Curtis

Marty
Triple Stumper
    $2000 20
(Marty: What is Cornwall?)

Shropshire

Marty
Triple Stumper

Scores at the end of the Double Jeopardy! Round:

Marty Dom Lindsey
$11,800 $11,000 $12,000

[wagering suggestions for these scores]

Final Jeopardy! Round responses

AMERICAN BUSINESS
DomWhat is A Tuba?
$10,500
MartyWhat is the Edsel?
$5,000
LindseyWhat is ?
$9,000
the Edsel

Final scores:

Marty Dom Lindsey
$16,800 $500 $3,000
3-day champion: $65,900 3rd place: $1,000 2nd place: $2,000

Game dynamics:

Coryat scores:

Marty Dom Lindsey
$12,400 $11,000 $12,000
22 R
(including 2 DDs),
4 W
(including 1 DD)
18 R,
3 W
14 R,
1 W

Combined Coryat: $35,400

The J! Archive is created by fans, for fans. The Jeopardy! game show and all elements thereof, including but not limited to copyright and trademark thereto, are the property of Jeopardy Productions, Inc. and are protected under law. This website is not affiliated with, sponsored by, or operated by Jeopardy Productions, Inc. Join the discussion at JBoard.tv.